WW2 quiz Hard - Statistics

General Stats
  • This quiz has been taken 147 times
    141 since last reset
  • The average score is 7 of 23
Answer Stats
Questions Answer % Correct
What was the name of the german rocket that was developed to hit london? V2
85%
What was the code-name for the german invasion of britain? Sealion
63%
Where did british soliders get trapped at the start of ww2 Dunkirk
56%
Who was the american president when the war ended?(Firstname and surname) Harry Truman
54%
How many jews died in labor camps? 6 million
50%
Where did the heavy water operation take place? Norway
49%
What was the main rifle for british soliders? Lee Enfield
48%
What branch of the german millitary did Heinrich Himmler rule? SS
48%
Who was the leading american general in the pacific?(Firstname and surname) Douglas McArthur
40%
What was the name of Hitlers Nazi party? NSDAP
38%
What was the name of the bomber that dropped the bomnb on Hiroshima? Enola Gay
34%
When was D-Day? 6 June 1944
27%
Who was the german propaganda minister?(Firstname and surname) Josef Goebbels
19%
What was East germany called after ww2? DDR
15%
From wich nation did the P14 rifle come from? UK
13%
Who was minister president in Norway?(Firstname and surname) Vidkun Quisling
13%
What day did berlin fall? 2 may 1945
10%
What does the (t) in Pz.35(t) stand for? Czechoslovakia
9%
When was the first atom bomb dropped over Japan? 6 August 1945
5%
What was the name of the german railroad gun? Gustav gun
4%
Name one famous norwegian resistance figther Max Manus
1%
What was the name of the canons used to sink Blücher? MosesAron
1%
Who was the reichskommissar in Norway?(Firstname and surname) Josef Tereboven
0%
No matching quizzes found
Score Distribution
Percent of People with Each Score
Percentile by Number Answered
Your Score History
You have not taken this quiz since the last reset